LEADER 00854nam a2200205 i 4500 001 000000195358 003 CaOOAMICUS 005 20101210000000.0 008 101210n it u000 u ita u 013 $a174030 040 $aSeMil$bita 245 10$aCristo redentore dell'uomo :$bSettimana Santa 1989 : Gioventù studentesca Rimini, 23-25 marzo. 260 $a[S.l. :$bs.n.],$c[1989] 300 $a45 p. ;$c21 cm. 650 4$aGS (Gioventù Studentesca) - Documenti.$0(OLS)http://semarc/subject/26599 850 $aSeMil 852 $aSeMil$W1$xVenegono$y1$m5A XII 5/23$j145927$B145927$CSeMilBibl$Z2$F157443 $81 961 $aOmaggio: Altro 996 $6245$aCristo redentore dell'uomo :$bSettimana Santa 1989 : Gioventù studentesca Rimini, 23-25 marzo$9(OLS)http://semarc/title/281840 996 $6260$a[S.l. :$bs.n.]$9(OLS)http://semarc/publisher/29751 LEADER 01096nam a2200205 i 4500 001 000000232258 003 CaOOAMICUS 005 20140822000000.0 008 140822s1788 it u000 u ita u 013 $a211161 026 $aa.n- m.,& a.n- unil (3) 1788 (R) 040 $aSeMil$bita 245 10$aLibro 1. 2. 3. dei Re. 300 $a[4], 517, [2] p. 500 $aSegn. : pg2 A-2I8 2K4 (2K4 bianca). 650 4$aBibbia. Antico Testamento. Re. 1-2 - Commentari, studi, critica e interpretazioni.$0(OLS)http://semarc/subject/52693 773 0 $aLe Maistre de Sacy, Isaac <1613-1684>$tSacra Scrittura giusta la volgata in latino e italiano. Colle spiegazioni letterali e spirituali tratte da' santi padri e dagli autori ecclesiastici da d. Luigi Isacco le Maistre de Sacy, tradotte dal francese.$bEdizione ricorretta accresciuta ed illustrata.$dIn Genova : Nella Stamperia di Agostino Olzati, 1787-1792.$g4$w()30383 850 $aSeMil 852 $aSeMil$W1$xVenegono$y1$m2Y IV 27 FA$j182604$B182604$CSeMilBibl$Z2$F193626 $8I 996 $6245$aLibro 1. 2. 3. dei Re$9(OLS)http://semarc/title/331430